| 000 | 00546nam a2200193Ia 4500 | ||
|---|---|---|---|
| 003 | OSt | ||
| 005 | 20200825113900.0 | ||
| 008 | 190216s9999||||xx |||||||||||||| ||und|| | ||
| 020 | _a9788121908153 | ||
| 040 | _coclc | ||
| 082 |
_a530.076 _bMAT/E |
||
| 100 |
_aMathur, D S _9421 |
||
| 245 | 0 |
_aElements of Properties Of Matter / _cD S Mathur |
|
| 250 | _a11th Ed. | ||
| 260 |
_bShyamlal Charitable Trust, _c2001. _aNew Delhi: |
||
| 300 | _a580p | ||
| 650 | _aPhysics | ||
| 942 |
_cBK _2ddc _h530.076 _iMAT/E _k530.076 _mMAT/E |
||
| 999 |
_c33649 _d33649 |
||